[Event "V Festival A"]
[Site "Campobasso ITA"]
[Date "1998.09.11"]
[Round "2"]
[White "Fragni, Enrico"]
[Black "Goller, Savino"]
[Result "0-1"]
[WhiteElo "1822"]
[BlackElo "1705"]
[PlyCount "102"]
[EventDate "1998.09.11"]

1. d4 e6 2. e4 d5 3. e5 c5 4. c3 Qb6 5. Nf3 Nc6 6. Be2 Nge7 7. O-O cxd4 8. cxd4
Nf5 9. Qa4 Nfxd4 10. Nxd4 Qxd4 11. Bb5 Qxa4 12. Bxa4 Bd7 13. Bf4 Nd4 14. Bxd7+
Kxd7 15. Nc3 Bb4 16. Rae1 Rhc8 17. Re3 Nf5 18. Rd3 Bxc3 19. bxc3 Rc4 20. Bd2
Rac8 21. f4 Ra4 22. g4 Ne7 23. Ra1 Ng6 24. Rf3 Rcc4 25. h3 Nxf4 26. Kf2 Ke8 27.
Kg3 Ng6 28. Re3 Re4 29. Rxe4 Rxe4 30. Rb1 b6 31. Re1 Rxe1 32. Bxe1 Nxe5 33. Bf2
Nc4 34. Kf4 h6 35. h4 Ke7 36. h5 f6 37. Bh4 Kf7 38. Bf2 e5+ 39. Kf3 Ke6 40. Ke2
Kd6 41. Ke1 Kc6 42. a4 Kb7 43. Kd1 Ka6 44. Kc2 Ka5 45. Kb3 Nd2+ 46. Ka3 Nf3 47.
Bg3 e4 48. Bf4 Ne5 49. Bxe5 fxe5 50. Kb2 Kxa4 51. Kc2 Ka3 0-1

[Event "V Festival A"]
[Site "Campobasso ITA"]
[Date "1998.09.11"]
[Round "2"]
[White "Gardon, Ermanno"]
[Black "Monteleone, Antonio"]
[Result "1/2-1/2"]
[WhiteElo "2110"]
[BlackElo "2140"]
[PlyCount "87"]
[EventDate "1998.09.11"]

1. e4 e6 2. d4 d5 3. Nc3 Nf6 4. e5 Nfd7 5. f4 c5 6. Nf3 Nc6 7. Be3 cxd4 8. Nxd4
Bc5 9. Qd2 O-O 10. Nb3 Bxe3 11. Qxe3 Ndxe5 12. fxe5 d4 13. Nxd4 Qh4+ 14. Qf2
Qxf2+ 15. Kxf2 Nxd4 16. Bd3 f6 17. Rhe1 f5 18. Ke3 Nc6 19. Kf4 Bd7 20. Rad1
Rad8 21. Bc4 Kf7 22. Nb5 g5+ 23. Kg3 Na5 24. Nd6+ Ke7 25. Bf1 b6 26. Ba6 Nc6
27. c3 Nb8 28. Bc4 Bc6 29. Rd4 Nd7 30. Bb3 Nc5 31. Bc2 a6 32. a4 Rd7 33. Rb4
Rb8 34. Re2 a5 35. Rxb6 Rxb6 36. Nc8+ Kf7 37. Nxb6 Rb7 38. Nc4 Ke7 39. Nxa5 Rb6
40. Nxc6+ Rxc6 41. a5 Nd7 42. Ba4 Rc5 43. a6 Nxe5 44. a7 1/2-1/2

[Event "V Festival A"]
[Site "Campobasso ITA"]
[Date "1998.09.11"]
[Round "2"]
[White "Lagumina, Giulio"]
[Black "Voiska, Margarita"]
[Result "1-0"]
[WhiteElo "2305"]
[BlackElo "2350"]
[PlyCount "71"]
[EventDate "1998.09.11"]

1. d4 Nf6 2. Bg5 d6 3. Bxf6 exf6 4. g3 g6 5. Bg2 Bg7 6. e3 O-O 7. Ne2 c5 8. O-O
Nc6 9. c4 Bg4 10. Nbc3 Bxe2 11. Nxe2 f5 12. dxc5 dxc5 13. Qa4 Qd2 14. Nf4 Qb4
15. Qc2 Na5 16. b3 Qc3 17. Qe2 Rad8 18. Rad1 Qb2 19. Rxd8 Rxd8 20. Rd1 Rxd1+
21. Qxd1 Qa1 22. Qxa1 Bxa1 23. Nd3 b6 24. Kf1 Kf8 25. Ke2 Ke7 26. Kd2 f6 27.
Bd5 g5 28. f4 h6 29. Kc2 Kd7 30. Nc1 b5 31. Ne2 b4 32. Kb1 Be5 33. fxe5 fxe5
34. Kc2 Nc6 35. Bxc6+ Kxc6 36. g4 1-0

[Event "V Festival A"]
[Site "Campobasso ITA"]
[Date "1998.09.11"]
[Round "2"]
[White "Leveque, Sergio"]
[Black "Fantazzini, Massimiliano"]
[Result "1/2-1/2"]
[WhiteElo "1711"]
[BlackElo "1642"]
[PlyCount "107"]
[EventDate "1998.09.11"]

1. e4 e6 2. d4 d5 3. Nc3 dxe4 4. Nxe4 Bd7 5. Nf3 Bc6 6. Bd3 Nd7 7. c3 Ngf6 8.
Nxf6+ gxf6 9. Bf4 Nb6 10. Qe2 Qd7 11. O-O-O Nd5 12. Bg3 Bh6+ 13. Kb1 Ba4 14.
Bc2 O-O-O 15. Rhe1 Qc6 16. Bxa4 Qxa4 17. c4 Nb4 18. a3 Na6 19. Qc2 Qa5 20. Rd3
Rd7 21. b4 Qf5 22. Red1 Nb8 23. b5 b6 24. a4 Kb7 25. Ra3 Qxc2+ 26. Kxc2 c6 27.
a5 cxb5 28. cxb5 Rc8+ 29. Kb2 bxa5 30. Rxa5 Rd5 31. Kb3 Kb6 32. Rda1 e5 33. Kb4
e4 34. Bxb8 exf3 35. Bxa7+ Kb7 36. R5a2 fxg2 37. Bc5 Kc7 38. Rg1 Rg5 39. Ra7+
Kd8 40. Rxf7 Rg6 41. Rxh7 f5 42. Rh8+ Kd7 43. Rxc8 Kxc8 44. d5 Bf4 45. f3 Bxh2
46. Re1 g1=Q 47. Bxg1 Bxg1 48. Re8+ Kc7 49. Rf8 Rg5 50. Rf6 Be3 51. Ka5 Bd2+
52. Ka6 Rg1 53. b6+ Kd7 54. Rxf5 1/2-1/2

[Event "V Festival A"]
[Site "Campobasso ITA"]
[Date "1998.09.11"]
[Round "2"]
[White "Lupo, Alfredo"]
[Black "Passerotti, Pierluigi"]
[Result "0-1"]
[WhiteElo "2120"]
[BlackElo "2305"]
[PlyCount "106"]
[EventDate "1998.09.11"]

1. e4 c5 2. Nc3 Nc6 3. g3 g6 4. Bg2 Bg7 5. d3 d6 6. f4 e5 7. Nf3 Nge7 8. O-O h6
9. f5 gxf5 10. Nh4 Nd4 11. Nxf5 Ndxf5 12. exf5 Bxf5 13. Bxb7 Rb8 14. Bg2 Bg6
15. Nd5 Nxd5 16. Bxd5 Qd7 17. Qf3 O-O 18. h4 Qh3 19. c3 Kh7 20. Rf2 f5 21. Rh2
Qg4 22. h5 Be8 23. Qxg4 fxg4 24. Be3 Bd7 25. Rf1 Rxf1+ 26. Kxf1 Rf8+ 27. Ke2
Bf6 28. Kd2 Kg7 29. Ke2 Be7 30. Kd2 Be8 31. c4 Rf5 32. Be6 Rf3 33. Bxg4 Rxg3
34. Bf5 Bg5 35. Bxg5 Rxg5 36. Be4 Bxh5 37. Kc3 Bg6 38. Bxg6 Kxg6 39. a3 Rg3 40.
Re2 a5 41. Kb3 Rxd3+ 42. Ka4 Rd4 43. Rc2 e4 44. Kxa5 e3 45. b4 Rd2 46. Rc3 e2
47. Re3 Ra2 48. Ka4 cxb4 49. Kxb4 Kf5 50. a4 Kf4 51. Re8 Kf3 52. Rf8+ Ke3 53.
a5 e1=Q+ 0-1

[Event "V Festival A"]
[Site "Campobasso ITA"]
[Date "1998.09.11"]
[Round "2"]
[White "Maxia, Giuseppe"]
[Black "Artizzu, Giulio"]
[Result "1-0"]
[WhiteElo "1900"]
[BlackElo "1729"]
[PlyCount "87"]
[EventDate "1998.09.11"]

1. e4 c5 2. Nf3 d6 3. c3 d5 4. exd5 Qxd5 5. d4 cxd4 6. cxd4 Bg4 7. Be2 Nf6 8.
Nc3 Qh5 9. Qb3 Nbd7 10. Qxb7 Rb8 11. Qxa7 e6 12. Bf4 Rd8 13. Bc7 Be7 14. Bxd8
Bxd8 15. Qa6 O-O 16. Qb5 Nd5 17. Qxd7 Ba5 18. Rc1 Nf4 19. Rg1 Nxe2 20. Kxe2 e5
21. Qd5 Bxc3 22. Rxc3 e4 23. Qxh5 exf3+ 24. gxf3 Bxh5 25. Rgc1 Re8+ 26. Re3 Rb8
27. Re5 Rxb2+ 28. Ke3 g5 29. Rxg5+ Bg6 30. Ra1 Kg7 31. Rc5 Kf6 32. Rc3 Ke6 33.
a4 Kd6 34. a5 Rb7 35. a6 Ra7 36. Rc5 f6 37. f4 Re7+ 38. Kd2 Be4 39. a7 Re8 40.
Ra6+ Kd7 41. Rxf6 Ra8 42. Ke3 Bg6 43. f5 Be8 44. Rh6 1-0

[Event "V Festival A"]
[Site "Campobasso ITA"]
[Date "1998.09.11"]
[Round "2"]
[White "Naumkin, Igor"]
[Black "Gagliardi, Pietro"]
[Result "1-0"]
[WhiteElo "2475"]
[BlackElo "2205"]
[PlyCount "79"]
[EventDate "1998.09.11"]

1. d4 Nf6 2. c4 c5 3. d5 d6 4. Nc3 g6 5. e4 Bg7 6. Nf3 O-O 7. Be2 e6 8. O-O
exd5 9. cxd5 Re8 10. Nd2 Na6 11. f3 Nc7 12. a4 b6 13. Nc4 Ba6 14. Bg5 h6 15.
Be3 Bxc4 16. Bxc4 a6 17. Qd2 Kh7 18. Rab1 Qd7 19. b4 b5 20. Be2 c4 21. a5 Re7
22. Bd1 Qd8 23. Bc2 Qh8 24. Nd1 Nd7 25. Nf2 Ne5 26. Rbd1 c3 27. Qe2 Nc4 28. f4
Nb2 29. Rde1 Rd8 30. Qf3 Bd4 31. Bc1 Nc4 32. Kh1 Nd2 33. Bxd2 cxd2 34. Re2 Bc3
35. e5 Bxb4 36. f5 Bc5 37. Ng4 dxe5 38. fxg6+ fxg6 39. Nf6+ Kg7 40. Nh5+ 1-0

[Event "V Festival A"]
[Site "Campobasso ITA"]
[Date "1998.09.11"]
[Round "2"]
[White "Petruccioli, Antonio"]
[Black "Scagliarini, Valentina"]
[Result "1-0"]
[WhiteElo "1992"]
[BlackElo "1762"]
[PlyCount "93"]
[EventDate "1998.09.11"]

1. a3 e6 2. f4 d5 3. Nf3 Nf6 4. e3 c5 5. b3 Be7 6. Bb2 Nc6 7. Bd3 O-O 8. O-O
Ne4 9. Bxe4 dxe4 10. Ne5 Bd7 11. Nc3 f5 12. d3 Nxe5 13. fxe5 Bg5 14. Qe2 exd3
15. Qxd3 Bc6 16. Rad1 Qc7 17. Ne2 Be4 18. Qc3 Rac8 19. g3 Rfd8 20. Kf2 Rd5 21.
h4 Bh6 22. Rxd5 Bxd5 23. Qd2 Qc6 24. Ke1 Bg2 25. Rf2 Qd5 26. Nf4 Bxf4 27. exf4
Qxd2+ 28. Rxd2 Bc6 29. a4 c4 30. Rd6 Kf7 31. a5 cxb3 32. cxb3 Rc7 33. Bd4 a6
34. b4 Bb5 35. Bc5 Rd7 36. Rb6 Bc6 37. Bd6 Ke8 38. Kd2 g6 39. Kc3 Kf7 40. Kd4
Ke8 41. Kc5 Kd8 42. Rxc6 bxc6 43. Kxc6 Kc8 44. Kb6 h5 45. Kxa6 Rh7 46. b5 Rd7
47. b6 1-0

[Event "V Festival A"]
[Site "Campobasso ITA"]
[Date "1998.09.11"]
[Round "2"]
[White "Pilla, Giuseppe"]
[Black "Campanile, Antonio"]
[Result "1/2-1/2"]
[WhiteElo "1923"]
[BlackElo "2155"]
[PlyCount "28"]
[EventDate "1998.09.11"]

1. e4 d5 2. exd5 Qxd5 3. Nc3 Qa5 4. d4 c6 5. Nf3 Nf6 6. Ne5 Be6 7. Bc4 Bxc4 8.
Nxc4 Qd8 9. Bg5 b5 10. Ne5 b4 11. Ne2 h6 12. Be3 e6 13. Nf4 Bd6 14. Nfd3 Nd5
1/2-1/2

[Event "V Festival A"]
[Site "Campobasso ITA"]
[Date "1998.09.11"]
[Round "2"]
[White "Pizzuto, Samuele Tullio"]
[Black "Mrdja, Milan"]
[Result "0-1"]
[WhiteElo "2090"]
[BlackElo "2430"]
[PlyCount "78"]
[EventDate "1998.09.11"]

1. e4 c5 2. Nc3 Nc6 3. f4 g6 4. Nf3 Bg7 5. Bc4 e6 6. f5 gxf5 7. exf5 d5 8. Bb5
exf5 9. Bxc6+ bxc6 10. O-O Be6 11. d3 Ne7 12. Bg5 h6 13. Bd2 Ng6 14. Qc1 Qe7
15. Ne2 O-O-O 16. Nf4 Ne5 17. Nxe5 Bxe5 18. Rb1 Rhg8 19. b4 c4 20. Qe1 Qd6 21.
Qf2 d4 22. Kh1 c3 23. Nxe6 fxe6 24. Bf4 Bxf4 25. Qxf4 Qxf4 26. Rxf4 Rd5 27. Rb3
Rg4 28. Rf2 Rg5 29. Rb1 Kd7 30. Kg1 Kd6 31. a4 a6 32. Re2 e5 33. Kf2 Rg8 34.
Ree1 Rb8 35. Rb3 h5 36. g3 a5 37. bxa5 Rxb3 38. cxb3 Rxa5 39. Re2 Kd5 0-1

[Event "V Festival A"]
[Site "Campobasso ITA"]
[Date "1998.09.11"]
[Round "2"]
[White "Rotstein, Arkadij"]
[Black "Quimi, Marco"]
[Result "1/2-1/2"]
[WhiteElo "2515"]
[BlackElo "2250"]
[PlyCount "94"]
[EventDate "1998.09.11"]

1. Nf3 Nf6 2. c4 c5 3. d4 cxd4 4. Nxd4 g6 5. Nc3 Bg7 6. e4 d6 7. Be2 O-O 8. O-O
Nc6 9. Be3 Bd7 10. f3 Rc8 11. Qd2 a6 12. Rab1 Re8 13. Rfc1 Nh5 14. Nd5 Nxd4 15.
Bxd4 Bxd4+ 16. Qxd4 Bc6 17. Bf1 Ng7 18. g3 e5 19. Qe3 Bxd5 20. cxd5 Qd7 21. b4
Rxc1 22. Rxc1 Rc8 23. Rxc8+ Qxc8 24. a4 Ne8 25. b5 axb5 26. Bxb5 Nf6 27. Qb6
Qc3 28. Qxd6 Qxf3 29. Qb8+ Kg7 30. Qxe5 Qxe4 31. Qxe4 Nxe4 32. a5 Nd6 33. a6
bxa6 34. Bxa6 Kf6 35. Kg2 Ke5 36. Kf3 Kxd5 37. Kf4 h6 38. h4 Kd4 39. g4 Ne4 40.
g5 hxg5+ 41. hxg5 Nc5 42. Bb5 Nd3+ 43. Kf3 Nc5 44. Be8 Ne6 45. Kg4 Nd8 46. Ba4
Ke4 47. Bc2+ Ke5 1/2-1/2

[Event "V Festival A"]
[Site "Campobasso ITA"]
[Date "1998.09.11"]
[Round "2"]
[White "Tonelli, Claudio"]
[Black "Simeoni, Matteo"]
[Result "1-0"]
[WhiteElo "1746"]
[BlackElo "2035"]
[PlyCount "55"]
[EventDate "1998.09.11"]

1. d4 f5 2. Nf3 Nf6 3. c3 e6 4. Bg5 Be7 5. e3 O-O 6. Nbd2 b6 7. Bd3 Bb7 8. Qe2
Ne4 9. Bxe7 Qxe7 10. O-O-O a5 11. h4 h6 12. Ne5 Nxc3 13. bxc3 Qa3+ 14. Kb1 Qxc3
15. Rc1 Qb4+ 16. Ka1 d6 17. Rc4 Qb5 18. Rc5 Qe8 19. Rxc7 Bxg2 20. Bb5 Qd8 21.
Rhc1 dxe5 22. f3 exd4 23. Qxg2 Qf6 24. Rg1 dxe3+ 25. Kb1 Rf7 26. Rc8+ Kh7 27.
Nc4 Qd4 28. Qg6# 1-0

[Event "V Festival A"]
[Site "Campobasso ITA"]
[Date "1998.09.11"]
[Round "2"]
[White "Zimina, Olga"]
[Black "Iatrino, Vincenzo"]
[Result "1-0"]
[WhiteElo "2200"]
[BlackElo "1743"]
[PlyCount "51"]
[EventDate "1998.09.11"]

1. e4 c5 2. Nf3 e6 3. Nc3 Nc6 4. Bb5 Nge7 5. d4 cxd4 6. Nxd4 a6 7. Bf4 Ng6 8.
Bg3 Bc5 9. Nxc6 bxc6 10. Ba4 Qb6 11. O-O O-O 12. Bb3 Qd8 13. e5 f5 14. exf6
Qxf6 15. Ne4 Qd4 16. Nxc5 Qxc5 17. Bd6 Qf5 18. Bxf8 Qxf8 19. c4 d5 20. cxd5
cxd5 21. Bxd5 Rb8 22. Bb3 Qf6 23. Qd6 Rb5 24. Rac1 Ne7 25. Qd8+ Qf8 26. Rxc8
1-0

[Event "V Festival A"]
[Site "Campobasso ITA"]
[Date "1998.09.12"]
[Round "3"]
[White "Campanile, Antonio"]
[Black "Rotstein, Arkadij"]
[Result "0-1"]
[WhiteElo "2155"]
[BlackElo "2515"]
[PlyCount "108"]
[EventDate "1998.09.11"]

1. c4 Nf6 2. Nf3 c5 3. g3 d5 4. cxd5 Nxd5 5. Nc3 Nc6 6. Bg2 Nc7 7. O-O e5 8. d3
Be7 9. b3 Be6 10. Bd2 f6 11. Ne1 Qd7 12. f4 exf4 13. Rxf4 O-O 14. Nc2 f5 15.
Rc1 Rae8 16. Rf1 Bf6 17. Ne1 Nd5 18. Nxd5 Bxd5 19. Bxd5+ Qxd5 20. Nf3 Nd4 21.
e3 Nxf3+ 22. Qxf3 Qxd3 23. Rf2 b6 24. Qxf5 Qxf5 25. Rxf5 Rd8 26. Rc2 Kf7 27.
Bc3 Ke6 28. Bxf6 Kxf5 29. Bxd8 Rxd8 30. Kf2 g5 31. Ke2 Rd6 32. Rc4 Re6 33. Kd3
Re5 34. Ra4 a5 35. h4 h6 36. g4+ Ke6 37. h5 Kd5 38. Rc4 Re6 39. Rc2 Rf6 40. Ke2
Rc6 41. Rd2+ Ke5 42. Rd8 c4 43. bxc4 Rxc4 44. Rh8 Rc6 45. Re8+ Kd5 46. Kd3 b5
47. Rg8 b4 48. Ra8 Rc3+ 49. Kd2 Ra3 50. Ra6 Rxa2+ 51. Kc1 a4 52. Rxh6 a3 53.
Rb6 Kc4 54. h6 Rh2 0-1

[Event "V Festival A"]
[Site "Campobasso ITA"]
[Date "1998.09.12"]
[Round "3"]
[White "Capitelli, Paolo"]
[Black "Pizzuto, Samuele Tullio"]
[Result "0-1"]
[WhiteElo "1842"]
[BlackElo "2090"]
[PlyCount "92"]
[EventDate "1998.09.11"]

1. e4 Nf6 2. Nc3 d5 3. e5 Ne4 4. Qf3 Nxc3 5. Qxc3 d4 6. Qg3 Qd5 7. Be2 Nc6 8.
Nf3 Nb4 9. Nxd4 Qxd4 10. c3 Qb6 11. cxb4 Qxb4 12. O-O g6 13. a3 Qb6 14. Qc3 Bg7
15. d4 Be6 16. Bf3 Rd8 17. Be3 Bd5 18. Bxd5 Rxd5 19. Rac1 c6 20. b4 O-O 21. f4
f5 22. Qc4 e6 23. a4 a6 24. Rc2 Rfd8 25. Rb1 Bf8 26. Rcb2 Kf7 27. Qc2 Be7 28.
Qf2 Rg8 29. Qf3 Qd8 30. h3 Kg7 31. g4 Rf8 32. g5 Rh8 33. b5 cxb5 34. axb5 a5
35. b6 Bb4 36. h4 h6 37. Rg2 h5 38. Rc2 Qxb6 39. Rbc1 Kf7 40. Rc7+ Be7 41. Qe2
Rhd8 42. Qc4 R5d7 43. Rxd7 Rxd7 44. Rc3 Qb4 45. Qc8 Rd8 46. Qc7 Qb1+ 0-1

[Event "V Festival A"]
[Site "Campobasso ITA"]
[Date "1998.09.12"]
[Round "3"]
[White "Capuano, Eugenio"]
[Black "Pilla, Giuseppe"]
[Result "1/2-1/2"]
[WhiteElo "2150"]
[BlackElo "1923"]
[PlyCount "64"]
[EventDate "1998.09.11"]

1. e4 e5 2. Nf3 Nc6 3. Bb5 a6 4. Ba4 Nf6 5. O-O b5 6. Bb3 Be7 7. Re1 d6 8. c3
O-O 9. h3 Nb8 10. d4 Nbd7 11. Nbd2 Bb7 12. Bc2 Re8 13. Nf1 Bf8 14. Ng3 g6 15.
a4 Bg7 16. Bg5 h6 17. Bd2 Qe7 18. Bd3 c6 19. Nh2 Kh7 20. f4 Nb6 21. a5 Nbd7 22.
f5 c5 23. d5 Ng8 24. b4 Rac8 25. Nf3 Bf6 26. Rf1 Rf8 27. Qe2 Rb8 28. Rab1 c4
29. Bc2 Qd8 30. Be3 Bh4 31. Nxh4 Qxh4 32. Rf3 Qe7 1/2-1/2

[Event "V Festival A"]
[Site "Campobasso ITA"]
[Date "1998.09.12"]
[Round "3"]
[White "Ciolac, Gheorghe"]
[Black "Lagumina, Giulio"]
[Result "1-0"]
[WhiteElo "2375"]
[BlackElo "2305"]
[PlyCount "82"]
[EventDate "1998.09.11"]

1. e4 e5 2. Nf3 d6 3. Bc4 Be7 4. d3 Nf6 5. Nbd2 O-O 6. O-O c6 7. a4 Nbd7 8. Re1
Nc5 9. a5 d5 10. exd5 cxd5 11. Ba2 e4 12. dxe4 dxe4 13. Ne5 Qc7 14. Ndc4 Be6
15. Bf4 Rad8 16. Qe2 Nd5 17. Bd2 Bf6 18. Ng4 Bh4 19. g3 Be7 20. Red1 f5 21.
Nge3 Bf6 22. Nxd5 Rxd5 23. Bf4 Qc6 24. Rxd5 Bxd5 25. Rd1 Qe6 26. Be3 Rc8 27.
Rxd5 Qxd5 28. Nb6 Qxa2 29. Nxc8 Qd5 30. b3 a6 31. Nb6 Qd6 32. Qc4+ Ne6 33. Nd5
Bd8 34. Bb6 Bxb6 35. axb6 Kf7 36. b4 Kg6 37. Kg2 h5 38. h4 Kh6 39. Ne3 g6 40.
Qc8 Qe7 41. Nd5 Qf7 1-0

[Event "V Festival A"]
[Site "Campobasso ITA"]
[Date "1998.09.12"]
[Round "3"]
[White "Dervishi, Erald"]
[Black "Aleksieva, Silvia"]
[Result "1-0"]
[WhiteElo "2430"]
[BlackElo "2335"]
[PlyCount "55"]
[EventDate "1998.09.11"]

1. e4 d6 2. d4 g6 3. Nf3 Bg7 4. Nc3 e6 5. Bc4 Nd7 6. O-O Ne7 7. Be3 b6 8. Qd2
h6 9. Rfe1 Bb7 10. h3 a6 11. a4 Nf6 12. Bd3 d5 13. Bf4 Kf8 14. Rad1 Kg8 15. Be5
Nc6 16. exd5 exd5 17. Qf4 Nh5 18. Qh2 Bxe5 19. dxe5 Nb4 20. e6 Nxd3 21. Rxd3
fxe6 22. Rxe6 Kh7 23. Qe5 Rg8 24. Nxd5 Bxd5 25. Rxd5 Qc8 26. g4 Ng7 27. Re7 Qf8
28. Rdd7 1-0

[Event "V Festival A"]
[Site "Campobasso ITA"]
[Date "1998.09.12"]
[Round "3"]
[White "Di Lascio, Savino"]
[Black "Capezza, Marco"]
[Result "1-0"]
[WhiteElo "1753"]
[BlackElo "1762"]
[PlyCount "93"]
[EventDate "1998.09.11"]

1. Nf3 Nf6 2. g3 g6 3. Bg2 Bg7 4. O-O O-O 5. d3 d6 6. Nbd2 e5 7. Rb1 a5 8. a4
c6 9. c3 Qc7 10. b4 axb4 11. cxb4 Nbd7 12. Ba3 Nb6 13. a5 Nbd7 14. Qb3 Re8 15.
Rfc1 Nf8 16. Nc4 Be6 17. Ng5 Bxc4 18. Qxc4 Ne6 19. Nxe6 Rxe6 20. g4 Qd8 21. h3
d5 22. Qb3 e4 23. g5 Nh5 24. dxe4 Qxg5 25. exd5 Nf4 26. Qf3 Nxd5 27. Rc4 Qd2
28. e4 Nf4 29. Bf1 Rd8 30. Bc1 Qa2 31. Rb3 Nh5 32. Ra3 Qb1 33. Bd3 Rxd3 34.
Qxd3 Qxd3 35. Rxd3 Nf6 36. f3 h5 37. Rd8+ Kh7 38. Rb8 Re7 39. Bg5 Rd7 40. Rc1
Ng8 41. Rd8 Rxd8 42. Bxd8 Bf8 43. Rc4 Kg7 44. Bb6 Nf6 45. Bd4 Be7 46. a6 bxa6
47. Rxc6 1-0

[Event "V Festival A"]
[Site "Campobasso ITA"]
[Date "1998.09.12"]
[Round "3"]
[White "Gagliardi, Pietro"]
[Black "Tonelli, Claudio"]
[Result "1-0"]
[WhiteElo "2205"]
[BlackElo "1746"]
[PlyCount "45"]
[EventDate "1998.09.11"]

1. e4 c5 2. Nf3 e6 3. d4 cxd4 4. Nxd4 a6 5. Bd3 Qc7 6. O-O Nc6 7. Nxc6 dxc6 8.
a4 b5 9. axb5 c5 10. Qe2 Bd6 11. f4 Qb6 12. Kh1 Bb7 13. bxa6 Bc7 14. Nc3 Bc6
15. Bb5 Ne7 16. Be3 Rb8 17. a7 Ra8 18. b4 Qb7 19. Bxc5 Bb6 20. Bxc6+ Qxc6 21.
Bxb6 Qxb6 22. Qb5+ Qc6 23. Ra6 1-0

[Event "V Festival A"]
[Site "Campobasso ITA"]
[Date "1998.09.12"]
[Round "3"]
[White "Goller, Savino"]
[Black "Fantazzini, Massimiliano"]
[Result "1-0"]
[WhiteElo "1705"]
[BlackElo "1642"]
[PlyCount "65"]
[EventDate "1998.09.11"]

1. e4 e6 2. d3 d5 3. Nd2 c5 4. g3 Nc6 5. Bg2 Nf6 6. Ngf3 Qc7 7. O-O Be7 8. Re1
d4 9. a4 e5 10. Nc4 Be6 11. b3 Nd7 12. Ng5 Bxg5 13. Bxg5 f6 14. Bd2 Nb6 15. f4
O-O 16. f5 Nxc4 17. bxc4 Bd7 18. g4 Nd8 19. g5 fxg5 20. Bxg5 Qd6 21. Kh1 Nf7
22. Bd2 Qf6 23. Rg1 Rad8 24. Bf3 Qa6 25. Qe2 Kh8 26. Qg2 Rg8 27. Bh5 g6 28.
fxg6 hxg6 29. Bxg6 Rg7 30. Qg3 Rf8 31. Qh4+ Kg8 32. Bh7+ Kh8 33. Bf5+ 1-0

[Event "V Festival A"]
[Site "Campobasso ITA"]
[Date "1998.09.12"]
[Round "3"]
[White "Lazarev, Vladimir"]
[Black "Zimina, Olga"]
[Result "1-0"]
[WhiteElo "2450"]
[BlackElo "2200"]
[PlyCount "49"]
[EventDate "1998.09.11"]

1. d4 d5 2. c4 e5 3. dxe5 d4 4. Nf3 Nc6 5. g3 Bg4 6. Bg2 Qd7 7. O-O Nge7 8. Qb3
O-O-O 9. Rd1 Ng6 10. Bg5 Be7 11. Bxe7 Qxe7 12. Na3 Bxf3 13. exf3 Qxe5 14. f4
Qc5 15. Rd2 Nge7 16. Rad1 a6 17. Nc2 Nf5 18. Qd3 Nd6 19. Bd5 Rhe8 20. a3 a5 21.
b3 f5 22. Nxd4 Nxd4 23. Qxd4 Qxd4 24. Rxd4 Re2 25. c5 1-0

[Event "V Festival A"]
[Site "Campobasso ITA"]
[Date "1998.09.12"]
[Round "3"]
[White "Lemma, Vittorio"]
[Black "De Vita, Gianni"]
[Result "0-1"]
[WhiteElo "1702"]
[BlackElo "2130"]
[PlyCount "105"]
[EventDate "1998.09.11"]

1. e4 c5 2. Nc3 e6 3. g3 Nc6 4. Bg2 Nge7 5. f4 Nd4 6. Nf3 Nec6 7. O-O Be7 8. d3
O-O 9. Be3 Rb8 10. Ne2 Nxe2+ 11. Qxe2 d5 12. c3 b5 13. Qf2 b4 14. Bxc5 bxc3 15.
Bxe7 Nxe7 16. bxc3 Ba6 17. Rfd1 Qc7 18. Rac1 Rfd8 19. e5 Bb5 20. Nd4 Ba4 21.
Rd2 Rb6 22. Rb2 Rdb8 23. Rxb6 Rxb6 24. h3 Qb8 25. Re1 g6 26. g4 Rb1 27. Nf3 Bd7
28. Kh2 Rb2 29. Re2 Rb6 30. Qh4 Qf8 31. Ng5 h6 32. Nf3 Bb5 33. Rd2 Ba6 34. Nd4
Nc6 35. Nxc6 Rxc6 36. c4 Rc5 37. Qf2 dxc4 38. dxc4 Rc7 39. Qh4 Qe7 40. Qxh6
Bxc4 41. f5 exf5 42. Qf4 fxg4 43. hxg4 Be6 44. g5 Rc4 45. Qf6 Qxf6 46. exf6 Ra4
47. Bc6 Rxa2 48. Rxa2 Bxa2 49. Kg3 Bb3 50. Kf4 a5 51. Ke3 a4 52. Kd2 a3 53. Kc1
0-1

[Event "V Festival A"]
[Site "Campobasso ITA"]
[Date "1998.09.12"]
[Round "3"]
[White "Leveque, Sergio"]
[Black "Gardon, Ermanno"]
[Result "1/2-1/2"]
[WhiteElo "1711"]
[BlackElo "2110"]
[PlyCount "69"]
[EventDate "1998.09.11"]

1. e4 e6 2. d4 c5 3. Nf3 cxd4 4. Nxd4 Nf6 5. Nc3 Nc6 6. Ndb5 Bb4 7. a3 Bxc3+ 8.
Nxc3 d5 9. exd5 exd5 10. Bg5 d4 11. Qe2+ Be6 12. Ne4 Qa5+ 13. Bd2 Qe5 14. Nxf6+
Qxf6 15. g3 O-O 16. Bg2 Rfe8 17. O-O Ne5 18. f4 Nc6 19. Qb5 Rab8 20. Rfe1 a6
21. Qd3 g6 22. h3 Bf5 23. Qb3 Be6 24. Qd3 Red8 25. Re2 Bf5 26. Qb3 Bxc2 27. Qb6
Bd3 28. Ree1 Rdc8 29. Rac1 Qd8 30. Qb3 Bf5 31. Bd5 Qf8 32. g4 Bd7 33. Re4 b5
34. Bxc6 Bxc6 35. Rxd4 1/2-1/2

[Event "V Festival A"]
[Site "Campobasso ITA"]
[Date "1998.09.12"]
[Round "3"]
[White "Luigini, Ottavio"]
[Black "Oppici, Gabriele"]
[Result "0-1"]
[WhiteElo "1804"]
[BlackElo "2085"]
[PlyCount "107"]
[EventDate "1998.09.11"]

1. e4 Nc6 2. Nf3 d6 3. d4 Nf6 4. Bd3 Bg4 5. c3 e6 6. O-O Be7 7. Nbd2 O-O 8. Qc2
e5 9. a3 a5 10. b3 h6 11. Bb2 Nh7 12. d5 Nb8 13. b4 Nd7 14. c4 b6 15. bxa5 Rxa5
16. Bc3 Ra7 17. Bb4 Qa8 18. a4 Nc5 19. Bxc5 bxc5 20. Ra2 Rb8 21. Rfa1 Rb6 22.
Ne1 Bd7 23. Nb1 Nf8 24. Nc3 Ra5 25. Nf3 Ng6 26. g3 Qc8 27. Nd2 Bg5 28. Nb3 Ra8
29. Nb5 Nf8 30. a5 Rba6 31. Nc3 Rb8 32. Nb5 Rb7 33. Qe2 Be7 34. Qc2 Nh7 35. f4
Bf6 36. f5 Bg5 37. Kg2 h5 38. Qe2 Nf6 39. h3 Kf8 40. Nd2 Ke7 41. Nf3 Bh6 42.
Nh2 Qb8 43. Rb1 Qa8 44. Rba1 Qg8 45. Rf1 Qd8 46. Rfa1 Rb8 47. Nf3 Rba8 48. Qe1
Qc8 49. Nh4 g6 50. fxg6 Bxh3+ 51. Kg1 fxg6 52. Nxg6+ Kd7 53. Qf2 Bg5 54. Nh4
0-1

[Event "V Festival A"]
[Site "Campobasso ITA"]
[Date "1998.09.12"]
[Round "3"]
[White "Martorelli, Antonio"]
[Black "Ficco, Corrado"]
[Result "1-0"]
[WhiteElo "2380"]
[BlackElo "2175"]
[PlyCount "111"]
[EventDate "1998.09.11"]

1. e4 e5 2. Nf3 Nf6 3. d4 Nxe4 4. Bd3 d5 5. Nxe5 Nd7 6. Nxd7 Bxd7 7. O-O Be7 8.
c4 Nf6 9. Nc3 Be6 10. c5 Qd7 11. Bf4 c6 12. Re1 O-O 13. b4 Rfe8 14. Qc2 g6 15.
h3 Nh5 16. Be5 Ng7 17. b5 Bf5 18. bxc6 bxc6 19. Rab1 f6 20. Bh2 Bf8 21. Ne2 Re7
22. Red1 Rae8 23. Nc3 Bxd3 24. Qxd3 Qf5 25. Qa6 Qd7 26. Bd6 Rf7 27. Bb8 Rfe7
28. a4 Ne6 29. a5 Bg7 30. Bd6 Rf7 31. Rb4 Bf8 32. Bb8 Rfe7 33. Rdb1 Nd8 34. Qf1
Bh6 35. Bd6 Re6 36. R4b2 Bf8 37. Bg3 Qf7 38. a6 R6e7 39. Rb8 Ne6 40. Bd6 Rd7
41. Rxe8 Qxe8 42. Bxf8 Nxf8 43. Rb7 Re7 44. Rxe7 Qxe7 45. Qd1 Kf7 46. Kf1 Ne6
47. Qa4 Qd7 48. Qb4 Ke7 49. Ne2 Qc7 50. g3 Kd7 51. Qd2 Qc8 52. Qh6 Qg8 53. h4
Qf7 54. Qd2 Kc8 55. Qb4 Qc7 56. Kg2 1-0

[Event "V Festival A"]
[Site "Campobasso ITA"]
[Date "1998.09.12"]
[Round "3"]
[White "Marzano, Carlo"]
[Black "De Toma, Francesco"]
[Result "1-0"]
[WhiteElo "2185"]
[BlackElo "1740"]
[PlyCount "57"]
[EventDate "1998.09.11"]

1. d4 c5 2. dxc5 e5 3. Nc3 Bxc5 4. Ne4 Qe7 5. Nxc5 Qxc5 6. Nf3 Ne7 7. c3 O-O 8.
e4 f5 9. Qb3+ d5 10. exd5 Qd6 11. Bg5 Kh8 12. O-O-O Nd7 13. Bxe7 Qxe7 14. d6
Qf6 15. h4 h6 16. Qd5 e4 17. Ng5 Ne5 18. Be2 Bd7 19. Qxb7 Rab8 20. Qd5 Ng4 21.
Bxg4 Rxb2 22. Kxb2 Rb8+ 23. Kc2 Ba4+ 24. Kd2 Rb2+ 25. Ke1 Qxc3+ 26. Kf1 Bc6 27.
d7 Bxd5 28. d8=Q+ Bg8 29. Qxg8+ 1-0